Guide to Chinese prose (Record no. 1433160)

MARC details
000 -LEADER
fixed length control field 00570nam a2200217Ia 4500
005 - DATE AND TIME OF LATEST TRANSACTION
control field 20250701164446.0
008 - FIXED-LENGTH DATA ELEMENTS--GENERAL INFORMATION
fixed length control field 008 250505s9999 xx 000 0 eng d
020 ## - INTERNATIONAL STANDARD BOOK NUMBER
International Standard Book Number 816111030
037 ## - SOURCE OF ACQUISITION
Stock number Textual
040 ## - CATALOGING SOURCE
Original cataloging agency EASL
Language of cataloging eng
Transcribing agency EASL
041 ## - LANGUAGE CODE
Language code of text/sound track or separate title eng
Source of code eng
084 ## - COLON CLASSIFICATION NUMBER
Classification number O41aN7, 111L3
Assigning agency EASL
100 ## - MAIN ENTRY--PERSONAL NAME
Personal name Paper Jordan D
9 (RLIN) 654098
245 #0 - TITLE STATEMENT
Title Guide to Chinese prose
260 ## - PUBLICATION, DISTRIBUTION, ETC.
Place of publication, distribution, etc. USA
Name of publisher, distributor, etc. Boston G.K. Hall and Company
Date of publication, distribution, etc. 1973
300 ## - PHYSICAL DESCRIPTION
Extent 138p.
365 ## - TRADE PRICE
Price amount 9.5
650 ## - SUBJECT ADDED ENTRY--TOPICAL TERM
Topical term or geographic name entry element CEL
942 ## - ADDED ENTRY ELEMENTS (KOHA)
Koha item type Textual
Classification part O41aN7, 111L3
Holdings
Withdrawn status Lost status Damaged status Not for loan Collection Home library Current library Date acquired Cost, normal purchase price Total Checkouts Full call number Barcode Date last seen Price effective from Koha item type
        Chinese English Language Department of East Asian Studies Library Department of East Asian Studies Library 2025-07-01 9.50   O41aN7, 111L3 EA0514973 2025-07-01 2025-07-01 Textual
Copyright @ Delhi University Library System